Statistics for Animals Word Search #3

Click here to take the quiz!

General Stats

  • This quiz has been taken 1,886 times
    (1,867 since last reset)
  • The average score is 12 of 15

Answers on the Map

Answers color-coded by a green-red scale on the quiz's map according to % correct below.
Loading ...
 

Answer Stats

First Letter# of LettersAnimal% Correct
R - Z(4)Seal
97%
N - Q(6)Puffin
94%
A - C(4)Clam
93%
R - Z(4)Wolf
92%
H - M(5)Horse
86%
R - Z(7)Wallaby
85%
H - M(4)Lion
84%
A - C(4)Bird
81%
N - Q(7)Octopus
80%
R - Z(7)Sparrow
78%
A - C(6)Baboon
77%
N - Q(2)Ox
76%
R - Z(7)Sea Lion
67%
D - G(3)Fox
62%
A - C(3)Ass
52%

Score Distribution

Percentile by Number Answered

Percent of People with Each Score

Your Score History

You have not taken this quiz since the last reset